[Event "43. Olimpiada Batumi 2018 Femenina"]
[Site "Batumi GEO"]
[Date "2018.10.03"]
[Round "9.2"]
[White "Olde, Margareth"]
[Black "Quevedo, Andreina"]
[Result "1-0"]
[WhiteElo "2158"]
[BlackElo "1809"]
[PlyCount "53"]
[EventDate "2018.09.24"]
[EventType "team-swiss"]
[EventRounds "11"]
[EventCountry "GEO"]
[SourceTitle "Ajedrez en Madrid"]
[Source "lmi"]
[SourceDate "2018.09.24"]
[WhiteTeam "Estonia"]
[BlackTeam "Uruguay"]
[WhiteTeamCountry "EST"]
[BlackTeamCountry "URU"]

1. c4 e5 2. g3 Nc6 3. Bg2 g6 4. Nc3 Bg7 5. d3 d6 6. e4 f5 7. Nge2 Nf6 8. O-O
O-O 9. Rb1 a5 10. a3 f4 11. f3 g5 12. g4 h5 13. h3 hxg4 14. hxg4 Nxg4 15. fxg4
Bxg4 16. Rf2 f3 17. Ng3 Nd4 18. Be3 Qf6 19. Nd5 Qh6 20. Bxd4 Qh4 21. Nf5 fxg2
22. Nxh4 Bxd1 23. Nf5 Be2 24. Rxe2 exd4 25. Rxg2 c6 26. Rxg5 Rxf5 27. Ne7+ 1-0

[Event "43. Olimpiada Batumi 2018 Femenina"]
[Site "Batumi GEO"]
[Date "2018.10.03"]
[Round "9.3"]
[White "Malan, Lucia"]
[Black "Narva, Triin"]
[Result "0-1"]
[WhiteElo "1785"]
[BlackElo "2113"]
[PlyCount "70"]
[EventDate "2018.09.24"]
[EventType "team-swiss"]
[EventRounds "11"]
[EventCountry "GEO"]
[SourceTitle "Ajedrez en Madrid"]
[Source "lmi"]
[SourceDate "2018.09.24"]
[WhiteTeam "Uruguay"]
[BlackTeam "Estonia"]
[WhiteTeamCountry "URU"]
[BlackTeamCountry "EST"]

1. e4 c5 2. Nf3 g6 3. d4 cxd4 4. Nxd4 Bg7 5. Nc3 Nc6 6. Nb3 Nf6 7. Be2 d6 8.
Be3 Be6 9. Qd2 Qc8 10. f3 h5 11. O-O-O a5 12. Nd5 Bxd5 13. exd5 Nb4 14. Bb5+
Kf8 15. Kb1 Nfxd5 16. Bd3 a4 17. Nd4 a3 18. Be4 axb2 19. Bxd5 Nxd5 20. Nb5 Qc4
21. Qxd5 Rxa2 22. c3 Qxd5 23. Rxd5 Ra1+ 24. Kxb2 Rxh1 25. h3 Re1 26. Bd2 Re2
27. g3 Bh6 28. f4 h4 29. g4 Bxf4 30. Kc1 Bxd2+ 31. Rxd2 Rxd2 32. Kxd2 Kg7 33.
Kd3 Ra8 34. Nc7 Ra1 35. Nd5 Rd1+ 0-1

[Event "43. Olimpiada Batumi 2018 Femenina"]
[Site "Batumi GEO"]
[Date "2018.10.03"]
[Round "9.4"]
[White "Olde, Grete"]
[Black "De Leon, Daiana"]
[Result "1-0"]
[WhiteElo "1907"]
[BlackElo "1633"]
[PlyCount "57"]
[EventDate "2018.09.24"]
[EventType "team-swiss"]
[EventRounds "11"]
[EventCountry "GEO"]
[SourceTitle "Ajedrez en Madrid"]
[Source "lmi"]
[SourceDate "2018.09.24"]
[WhiteTeam "Estonia"]
[BlackTeam "Uruguay"]
[WhiteTeamCountry "EST"]
[BlackTeamCountry "URU"]

1. e4 c5 2. Nc3 Nc6 3. g3 g6 4. Bg2 Bg7 5. d3 d6 6. f4 Nf6 7. Nf3 Bg4 8. O-O
O-O 9. h3 Bxf3 10. Qxf3 Nd7 11. g4 Rb8 12. f5 b5 13. g5 Nd4 14. Qd1 b4 15. Nd5
a5 16. f6 Nxf6 17. gxf6 exf6 18. c3 Nc6 19. Bf4 Re8 20. Qf3 Ne7 21. Ne3 f5 22.
Bg5 bxc3 23. exf5 Bd4 24. fxg6 fxg6 25. Qf7+ Kh8 26. Bf6+ Bxf6 27. Qxf6+ Kg8
28. Ng4 Nf5 29. Bd5+ 1-0

[Event "43. Olimpiada Batumi 2018 Femenina"]
[Site "Batumi GEO"]
[Date "2018.10.03"]
[Round "9.1"]
[White "Mona, Khaled"]
[Black "Stockova, Zuzana"]
[Result "0-1"]
[WhiteElo "2157"]
[BlackElo "2290"]
[PlyCount "116"]
[EventDate "2018.09.24"]
[EventType "team-swiss"]
[EventRounds "11"]
[EventCountry "GEO"]
[SourceTitle "Ajedrez en Madrid"]
[Source "lmi"]
[SourceDate "2018.09.24"]
[WhiteTeam "Egypt"]
[BlackTeam "Slovakia"]
[WhiteTeamCountry "EGY"]
[BlackTeamCountry "SVK"]

1. d4 Nf6 2. c4 g6 3. Nc3 Bg7 4. e4 d6 5. f3 O-O 6. Be3 c5 7. d5 e6 8. Nge2
exd5 9. cxd5 Nbd7 10. g3 Ne5 11. Bg2 b5 12. O-O b4 13. Na4 Ba6 14. Kh1 Re8 15.
Bg1 Qa5 16. b3 Nd3 17. Rb1 Re7 18. Qc2 Rae8 19. Rfd1 Ne5 20. Nc1 c4 21. bxc4
Nxc4 22. Qb3 Bb5 23. Nb2 Nxb2 24. Qxb2 Nxd5 25. Nb3 Qa6 26. Bd4 Bxd4 27. Rxd4
Nc3 28. Ra1 Bc4 29. Nd2 Bxa2 30. Rxb4 Qd3 31. Bf1 Qe3 32. Rxa2 Nxa2 33. Qxa2
Rc7 34. Bc4 d5 35. exd5 Qf2 36. Nf1 Qxf3+ 37. Qg2 Qc3 38. Bb5 Rb8 39. Rb1 Rcb7
40. d6 Qd4 41. d7 Rxd7 42. Bxd7 Rxb1 43. Bc6 Qc4 44. Kg1 Qc5+ 45. Kh1 Rxf1+ 46.
Qxf1 Qxc6+ 47. Kg1 Qc5+ 48. Kg2 Qd5+ 49. Kg1 Qd4+ 50. Kg2 a5 51. Qa6 a4 52. h4
h5 53. Kh3 Qa1 54. Qa8+ Kg7 55. g4 Qa3+ 56. Kh2 hxg4 57. h5 Qh3+ 58. Kg1 Qg3+
0-1

[Event "43. Olimpiada Batumi 2018 Femenina"]
[Site "Batumi GEO"]
[Date "2018.10.03"]
[Round "9.2"]
[White "Cibickova, Zuzana"]
[Black "Wafa, Shrook"]
[Result "1/2-1/2"]
[WhiteElo "2268"]
[BlackElo "2136"]
[PlyCount "71"]
[EventDate "2018.09.24"]
[EventType "team-swiss"]
[EventRounds "11"]
[EventCountry "GEO"]
[SourceTitle "Ajedrez en Madrid"]
[Source "lmi"]
[SourceDate "2018.09.24"]
[WhiteTeam "Slovakia"]
[BlackTeam "Egypt"]
[WhiteTeamCountry "SVK"]
[BlackTeamCountry "EGY"]

1. e4 c5 2. Nf3 Nc6 3. d4 cxd4 4. Nxd4 g6 5. c4 Bg7 6. Be3 Nf6 7. Nc3 d6 8. f3
O-O 9. Qd2 Bd7 10. Be2 a6 11. O-O Rc8 12. Rac1 Nxd4 13. Bxd4 Qa5 14. Rfd1 Rfe8
15. Kh1 b5 16. Bxf6 Bxf6 17. Nd5 Qxd2 18. Nxf6+ exf6 19. Rxd2 bxc4 20. Bxc4 Bb5
21. Rdc2 Bxc4 22. Rxc4 Rxc4 23. Rxc4 f5 24. Kg1 fxe4 25. Rxe4 Rc8 26. Kf2 f5
27. Re2 Kf7 28. Ke1 h5 29. Kd2 Rc5 30. Kd3 h4 31. f4 Rd5+ 32. Kc3 Rd1 33. Rd2
Rc1+ 34. Kd4 Ke6 35. Re2+ Kd7 36. Ke3 1/2-1/2

[Event "43. Olimpiada Batumi 2018 Femenina"]
[Site "Batumi GEO"]
[Date "2018.10.03"]
[Round "9.3"]
[White "Wafa, Shahenda"]
[Black "Motycakova, Monika"]
[Result "1-0"]
[WhiteElo "2129"]
[BlackElo "2198"]
[PlyCount "87"]
[EventDate "2018.09.24"]
[EventType "team-swiss"]
[EventRounds "11"]
[EventCountry "GEO"]
[SourceTitle "Ajedrez en Madrid"]
[Source "lmi"]
[SourceDate "2018.09.24"]
[WhiteTeam "Egypt"]
[BlackTeam "Slovakia"]
[WhiteTeamCountry "EGY"]
[BlackTeamCountry "SVK"]

1. e4 e5 2. Nf3 Nc6 3. Bb5 a6 4. Ba4 Nf6 5. O-O Be7 6. Re1 b5 7. Bb3 d6 8. c3
O-O 9. h3 Na5 10. Bc2 c5 11. d4 Nd7 12. Nbd2 exd4 13. cxd4 Nc6 14. Nf1 Bf6 15.
Be3 Bb7 16. N1h2 Re8 17. a3 Na5 18. Bf4 Nf8 19. Ng4 Ng6 20. Nxf6+ Qxf6 21. Bg5
Qe6 22. Bd2 Nc4 23. Bc3 Qe7 24. b3 Nb6 25. b4 c4 26. d5 Nd7 27. Nd4 Nde5 28.
Nf5 Qc7 29. h4 f6 30. Re3 Bc8 31. h5 Bxf5 32. exf5 Nf4 33. Qd4 Nf3+ 34. gxf3
Ne2+ 35. Rxe2 Rxe2 36. Be4 h6 37. Kf1 Rxe4 38. Qxe4 Kh7 39. Qg4 Rf8 40. Re1 Qb7
41. Qe4 Rg8 42. Qe6 Qb6 43. Qf7 Kh8 44. Re7 1-0

[Event "43. Olimpiada Batumi 2018 Femenina"]
[Site "Batumi GEO"]
[Date "2018.10.03"]
[Round "9.4"]
[White "Ferkova, Dominika"]
[Black "Moaataz, Ayah"]
[Result "1-0"]
[WhiteElo "2060"]
[BlackElo "2020"]
[PlyCount "61"]
[EventDate "2018.09.24"]
[EventType "team-swiss"]
[EventRounds "11"]
[EventCountry "GEO"]
[SourceTitle "Ajedrez en Madrid"]
[Source "lmi"]
[SourceDate "2018.09.24"]
[WhiteTeam "Slovakia"]
[BlackTeam "Egypt"]
[WhiteTeamCountry "SVK"]
[BlackTeamCountry "EGY"]

1. d4 d5 2. c4 e6 3. Nc3 Nf6 4. Bg5 Be7 5. Nf3 h6 6. Bh4 O-O 7. e3 b6 8. Bd3
Bb7 9. O-O dxc4 10. Bxc4 Ne4 11. Bxe7 Qxe7 12. Qe2 Nd7 13. Rfd1 c5 14. Rac1
Rfd8 15. Nxe4 Bxe4 16. dxc5 Bxf3 17. Qxf3 Ne5 18. Qe4 Qxc5 19. Bf1 Qa5 20. b4
Qxa2 21. Qxe5 Qa4 22. Rxd8+ Rxd8 23. b5 Rd5 24. Ra1 Qc2 25. Qb8+ Kh7 26. Qxa7
Rd2 27. Qxf7 Qb2 28. Ra8 Rd1 29. Qg8+ Kg6 30. Qxe6+ Kh5 31. Qf5+ 1-0

[Event "43. Olimpiada Batumi 2018 Femenina"]
[Site "Batumi GEO"]
[Date "2018.10.03"]
[Round "9.1"]
[White "Shamima, Akter"]
[Black "Gomez Barrera, Javiera Belen"]
[Result "0-1"]
[WhiteElo "2152"]
[BlackElo "2035"]
[PlyCount "88"]
[EventDate "2018.09.24"]
[EventType "team-swiss"]
[EventRounds "11"]
[EventCountry "GEO"]
[SourceTitle "Ajedrez en Madrid"]
[Source "lmi"]
[SourceDate "2018.09.24"]
[WhiteTeam "Bangladesh"]
[BlackTeam "Chile"]
[WhiteTeamCountry "BAN"]
[BlackTeamCountry "CHI"]

1. d4 Nf6 2. Bf4 g6 3. Nc3 d5 4. e3 Bg7 5. h4 c6 6. h5 Nxh5 7. Rxh5 gxh5 8.
Qxh5 Nd7 9. Bd3 Nf6 10. Qh4 Bg4 11. Be5 Qc8 12. f3 Bf5 13. g4 Bxd3 14. cxd3 h6
15. Nge2 Kf8 16. Ng3 Ne8 17. Nf5 Qe6 18. Nxg7 Nxg7 19. f4 f6 20. f5 Qg8 21. Bf4
h5 22. g5 Nxf5 23. Qf2 Qe6 24. O-O-O Ke8 25. gxf6 exf6 26. e4 Ne7 27. Re1 Qd7
28. exd5 cxd5 29. Kb1 Rh7 30. Qe2 Rc8 31. Qf3 Kd8 32. Qg3 Qg4 33. Qe3 Qd7 34.
Bh2 b5 35. Ne2 Nf5 36. Qf2 Re7 37. Rg1 Rg7 38. Rf1 Re7 39. Nc3 b4 40. Nd1 Qc6
41. a3 Qc1+ 42. Ka2 b3+ 43. Kxb3 Rb7+ 44. Ka2 Rc2 0-1

[Event "43. Olimpiada Batumi 2018 Femenina"]
[Site "Batumi GEO"]
[Date "2018.10.03"]
[Round "9.2"]
[White "Abarca Gonzalez, Damaris"]
[Black "Parveen, Tanima"]
[Result "0-1"]
[WhiteElo "2037"]
[BlackElo "2022"]
[PlyCount "142"]
[EventDate "2018.09.24"]
[EventType "team-swiss"]
[EventRounds "11"]
[EventCountry "GEO"]
[SourceTitle "Ajedrez en Madrid"]
[Source "lmi"]
[SourceDate "2018.09.24"]
[WhiteTeam "Chile"]
[BlackTeam "Bangladesh"]
[WhiteTeamCountry "CHI"]
[BlackTeamCountry "BAN"]

1. d4 d5 2. Nf3 Nf6 3. e3 e6 4. Bd3 Be7 5. b3 O-O 6. Bb2 c5 7. Nbd2 b6 8. O-O
Bb7 9. Ne5 Nbd7 10. f4 Qc7 11. Rf3 c4 12. Nxd7 Qxd7 13. Be2 Rfc8 14. c3 b5 15.
Rh3 b4 16. bxc4 dxc4 17. Bf3 a5 18. e4 bxc3 19. Bxc3 Bb4 20. Qc2 Bxc3 21. Qxc3
Rd8 22. e5 Nd5 23. Qxc4 Nxf4 24. Rh4 Rac8 25. Qf1 Qxd4+ 26. Kh1 Ba6 27. Nb3
Bxf1 28. Nxd4 Bxg2+ 29. Bxg2 Rxd4 30. Rb1 Rcd8 31. Bf3 g6 32. h3 Nd3 33. Rxd4
Rxd4 34. Rb5 a4 35. Ra5 Kg7 36. Kg1 Rc4 37. Kf1 Nc1 38. Bd1 Rf4+ 39. Kg2 Nxa2
40. Bxa4 Nc3 41. Bc6 Rf5 42. Ra3 Nd5 43. Bxd5 exd5 44. Re3 d4 45. Re4 d3 46.
Rd4 Rxe5 47. Rxd3 g5 48. Kg3 h5 49. h4 f6 50. hxg5 fxg5 51. Rd6 Rf5 52. Kh3
Rf3+ 53. Kg2 Rf6 54. Rd5 Kg6 55. Kh3 Rf3+ 56. Kg2 g4 57. Rc5 h4 58. Rc6+ Kg5
59. Rc5+ Rf5 60. Rc3 Rd5 61. Rb3 Rd2+ 62. Kg1 g3 63. Rb5+ Kg4 64. Rb4+ Kh3 65.
Rb1 Rd4 66. Kh1 Kg4 67. Kg1 h3 68. Kh1 Rf4 69. Kg1 h2+ 70. Kg2 Rf2+ 71. Kh1 Kh3
0-1

[Event "43. Olimpiada Batumi 2018 Femenina"]
[Site "Batumi GEO"]
[Date "2018.10.03"]
[Round "9.3"]
[White "Sultana, Sharmin Shirin"]
[Black "Jorquera Cabello, Valentina"]
[Result "1-0"]
[WhiteElo "1974"]
[BlackElo "2031"]
[PlyCount "95"]
[EventDate "2018.09.24"]
[EventType "team-swiss"]
[EventRounds "11"]
[EventCountry "GEO"]
[SourceTitle "Ajedrez en Madrid"]
[Source "lmi"]
[SourceDate "2018.09.24"]
[WhiteTeam "Bangladesh"]
[BlackTeam "Chile"]
[WhiteTeamCountry "BAN"]
[BlackTeamCountry "CHI"]

1. d4 Nf6 2. Nf3 g6 3. Bf4 Bg7 4. e3 d6 5. h3 O-O 6. Be2 Nfd7 7. Bh2 e5 8. Nbd2
Nc6 9. c3 Kh8 10. Qc2 Qe7 11. d5 Ncb8 12. e4 a5 13. Nf1 Na6 14. Ne3 Nf6 15. Nd2
Bd7 16. a4 Nc5 17. O-O c6 18. b4 axb4 19. cxb4 Na6 20. Qb3 cxd5 21. exd5 Ng8
22. Nec4 f5 23. Nb6 Rab8 24. Rac1 Rfd8 25. Rc2 Be8 26. Rfc1 Qg5 27. a5 Ne7 28.
Nf3 Qf6 29. b5 Nc5 30. Rxc5 dxc5 31. Bxe5 Qf7 32. Bxb8 Rxb8 33. Rxc5 Qf6 34.
Rc1 Rd8 35. Bc4 g5 36. Re1 Ng6 37. Qe3 g4 38. hxg4 fxg4 39. Ng5 g3 40. Ne6
gxf2+ 41. Qxf2 Rb8 42. Nxg7 Qxg7 43. d6 Bxb5 44. Bxb5 Rf8 45. Qg3 Qd4+ 46. Qe3
Qxd6 47. Qc3+ Rf6 48. Nd7 1-0

[Event "43. Olimpiada Batumi 2018 Femenina"]
[Site "Batumi GEO"]
[Date "2018.10.03"]
[Round "9.4"]
[White "Morales Flores, Monserrat"]
[Black "Hamid, Rani"]
[Result "1/2-1/2"]
[WhiteElo "1935"]
[BlackElo "1909"]
[PlyCount "87"]
[EventDate "2018.09.24"]
[EventType "team-swiss"]
[EventRounds "11"]
[EventCountry "GEO"]
[SourceTitle "Ajedrez en Madrid"]
[Source "lmi"]
[SourceDate "2018.09.24"]
[WhiteTeam "Chile"]
[BlackTeam "Bangladesh"]
[WhiteTeamCountry "CHI"]
[BlackTeamCountry "BAN"]

1. e4 c5 2. Nf3 e6 3. d4 cxd4 4. Nxd4 Nc6 5. Nc3 Qc7 6. Be2 Nf6 7. O-O a6 8.
Be3 b5 9. Nxc6 dxc6 10. Bf3 e5 11. Re1 Be6 12. g3 Rd8 13. Qc1 Be7 14. Bg2 Ng4
15. a3 Nxe3 16. Qxe3 O-O 17. Kh1 Rd7 18. f4 f6 19. f5 Bf7 20. Red1 Rfd8 21.
Rxd7 Rxd7 22. Bf3 Qd8 23. Re1 Rd4 24. Ne2 Rd2 25. Rc1 a5 26. Nc3 Rd4 27. Ne2
Rd2 28. Nc3 Rd7 29. Rd1 Rd4 30. Qf2 Bc5 31. Rxd4 Bxd4 32. Qd2 Qb6 33. Nd1 Bc5
34. b4 axb4 35. axb4 Bf8 36. Kg2 Qa7 37. c3 g6 38. g4 Bb3 39. h4 Qa2 40. Qxa2
Bxa2 41. Ne3 Bh6 42. g5 fxg5 43. Ng4 Bf8 44. hxg5 1/2-1/2

[Event "43. Olimpiada Batumi 2018 Femenina"]
[Site "Batumi GEO"]
[Date "2018.10.03"]
[Round "9.1"]
[White "Baciu, Diana"]
[Black "Nazarova, Anastasia"]
[Result "0-1"]
[WhiteElo "2266"]
[BlackElo "2029"]
[PlyCount "128"]
[EventDate "2018.09.24"]
[EventType "team-swiss"]
[EventRounds "11"]
[EventCountry "GEO"]
[SourceTitle "Ajedrez en Madrid"]
[Source "lmi"]
[SourceDate "2018.09.24"]
[WhiteTeam "Moldova"]
[BlackTeam "Finland"]
[WhiteTeamCountry "MDA"]
[BlackTeamCountry "FIN"]

1. e4 c5 2. Nf3 Nc6 3. Bb5 g6 4. Bxc6 bxc6 5. O-O Bg7 6. Re1 Nh6 7. c3 O-O 8.
h3 f5 9. e5 Nf7 10. d4 cxd4 11. cxd4 Bb7 12. Nc3 c5 13. d5 e6 14. Be3 Rc8 15.
Qd2 Nxe5 16. Nxe5 Bxe5 17. Bh6 Bg7 18. Bxg7 Kxg7 19. Re5 exd5 20. Nxd5 Bxd5 21.
Rxd5 Rf7 22. Rd1 Rc7 23. Rxc5 Rxc5 24. Qd4+ Qf6 25. Qxc5 Qxb2 26. Qxa7 d5 27.
Qa5 Rd7 28. Qa4 Re7 29. Qa5 Rd7 30. a4 Qf6 31. Qb5 Rd6 32. f4 d4 33. Kh2 Qe7
34. Qc5 Qd7 35. Qe5+ Kh6 36. Rd3 Rd5 37. Qf6 Qd8 38. Qc6 Qd6 39. Qc1 Kg7 40.
Qd2 Qd8 41. Kg3 Qb6 42. Qe2 Qd6 43. h4 Qd7 44. h5 Qd6 45. Kh3 Ra5 46. Qe8 Ra7
47. g3 Qd5 48. Rd1 d3 49. h6+ Kxh6 50. Qf8+ Rg7 51. Qf6 Rf7 52. Qc3 Rd7 53. Qf6
Qf3 54. Qf8+ Rg7 55. Qf6 Qg4+ 56. Kg2 Qe2+ 57. Kh3 Re7 58. Rd2 Qg4+ 59. Kg2
Re2+ 60. Rxe2 Qxe2+ 61. Kh3 d2 62. Qf8+ Kh5 63. Qg7 Qf1+ 64. Kh2 Kg4 0-1

[Event "43. Olimpiada Batumi 2018 Femenina"]
[Site "Batumi GEO"]
[Date "2018.10.03"]
[Round "9.2"]
[White "Dannenberg, Alia"]
[Black "Petrenko, Svetlana"]
[Result "1/2-1/2"]
[WhiteElo "1926"]
[BlackElo "2156"]
[PlyCount "150"]
[EventDate "2018.09.24"]
[EventType "team-swiss"]
[EventRounds "11"]
[EventCountry "GEO"]
[SourceTitle "Ajedrez en Madrid"]
[Source "lmi"]
[SourceDate "2018.09.24"]
[WhiteTeam "Finland"]
[BlackTeam "Moldova"]
[WhiteTeamCountry "FIN"]
[BlackTeamCountry "MDA"]

1. e4 c6 2. d3 d5 3. Nd2 g6 4. Ngf3 Bg7 5. g3 e5 6. Bg2 Ne7 7. O-O O-O 8. Re1
d4 9. a3 a5 10. b3 c5 11. Nc4 Nbc6 12. a4 Qc7 13. h3 Be6 14. Na3 h6 15. Kh2 f5
16. Nd2 f4 17. g4 g5 18. f3 Rad8 19. Ndc4 b6 20. Bd2 Ng6 21. Rh1 Bf6 22. Be1
Kg7 23. Kg1 Rh8 24. Kf1 h5 25. Ke2 Be7 26. Bf2 Rh7 27. Qd2 Rdh8 28. Rag1 Nd8
29. Qd1 Nf7 30. Kd2 Bd7 31. Qe2 Qb8 32. Qd1 Bd8 33. Ke2 Qc8 34. Kd2 Bc7 35. Ke2
Qe8 36. Qb1 Rh6 37. Nd2 Nd6 38. Nac4 Nf7 39. Qa1 Qe7 40. Na3 Nd6 41. Qb2 Rb8
42. Ra1 Rbh8 43. Rag1 Kf8 44. Qb1 Ke8 45. Nac4 Nf7 46. Qa1 Kd8 47. Qe1 Kc8 48.
Qf1 Nd8 49. Qb1 Nc6 50. Na3 Nb4 51. Ndc4 R8h7 52. Kd2 Qf6 53. Ke2 Kb7 54. Nd2
Qh8 55. Ndc4 Qf8 56. Nd2 Qf6 57. Qa1 Rh8 58. Qb1 Bd8 59. Qa1 Be7 60. Qb1 R6h7
61. Qa1 Na6 62. Nac4 Nc7 63. Na3 Be6 64. Qb1 Qf8 65. Qa1 Qd8 66. Qb1 Qd7 67.
Qf1 Ra8 68. Qb1 Rf8 69. Qe1 Rfh8 70. Qb1 Qe8 71. Qe1 Qf8 72. Qf1 Bd7 73. Be1
Ne8 74. Nac4 Bd8 75. Na3 Bc7 1/2-1/2

[Event "43. Olimpiada Batumi 2018 Femenina"]
[Site "Batumi GEO"]
[Date "2018.10.03"]
[Round "9.3"]
[White "Partac, Elena"]
[Black "Norlamo, Sarabella"]
[Result "1-0"]
[WhiteElo "2051"]
[BlackElo "1874"]
[PlyCount "119"]
[EventDate "2018.09.24"]
[EventType "team-swiss"]
[EventRounds "11"]
[EventCountry "GEO"]
[SourceTitle "Ajedrez en Madrid"]
[Source "lmi"]
[SourceDate "2018.09.24"]
[WhiteTeam "Moldova"]
[BlackTeam "Finland"]
[WhiteTeamCountry "MDA"]
[BlackTeamCountry "FIN"]

1. e4 e5 2. Nf3 Nc6 3. Bc4 Nf6 4. d3 Be7 5. O-O O-O 6. Re1 d6 7. c3 Be6 8. Bb3
Bxb3 9. axb3 Re8 10. b4 a6 11. Na3 Qd7 12. h3 h6 13. Nc4 Bf8 14. Na5 Nxa5 15.
bxa5 Rad8 16. Qb3 Qc6 17. c4 Rb8 18. Be3 Nd7 19. Qd1 Nf6 20. Qd2 Qd7 21. Nh4 c6
22. f4 Rbd8 23. Rf1 exf4 24. Bxf4 Nh5 25. Bh2 Qe6 26. Nf5 Nf6 27. Rf3 Nh7 28.
h4 Be7 29. Raf1 Bf6 30. Kh1 Be5 31. Bxe5 dxe5 32. Rg3 g5 33. hxg5 hxg5 34.
Rxg5+ Nxg5 35. Qxg5+ Qg6 36. Nh6+ Kh8 37. Nxf7+ Kg7 38. Qxg6+ Kxg6 39. Nxd8
Rxd8 40. Rf3 Rd6 41. Kg1 c5 42. Kf1 b6 43. Rf5 Rxd3 44. Rxe5 bxa5 45. Rxc5 Rd1+
46. Ke2 Rb1 47. Rxa5 Rxb2+ 48. Kf3 Rb6 49. c5 Rc6 50. Ke3 Kg5 51. Kd4 Kf4 52.
Kd5 Rg6 53. Ra2 Rg5+ 54. Kd4 Rg6 55. Rf2+ Kg3 56. Rc2 Kf4 57. c6 Rd6+ 58. Kc5
Rg6 59. c7 Rg8 60. Kb6 1-0

[Event "43. Olimpiada Batumi 2018 Femenina"]
[Site "Batumi GEO"]
[Date "2018.10.03"]
[Round "9.4"]
[White "Rinne, Heini"]
[Black "Gitu, Paula-Alexandra"]
[Result "0-1"]
[WhiteElo "1760"]
[BlackElo "2026"]
[PlyCount "86"]
[EventDate "2018.09.24"]
[EventType "team-swiss"]
[EventRounds "11"]
[EventCountry "GEO"]
[SourceTitle "Ajedrez en Madrid"]
[Source "lmi"]
[SourceDate "2018.09.24"]
[WhiteTeam "Finland"]
[BlackTeam "Moldova"]
[WhiteTeamCountry "FIN"]
[BlackTeamCountry "MDA"]

1. d4 d6 2. c4 e5 3. Nf3 e4 4. Ng5 f5 5. Nc3 Be7 6. Nh3 Nf6 7. g3 c6 8. d5 Nbd7
9. Bg2 Ne5 10. b3 Qa5 11. Bd2 Qc7 12. Rc1 Bd7 13. O-O c5 14. f3 exf3 15. exf3
O-O-O 16. Nf4 g5 17. Ne6 Bxe6 18. dxe6 d5 19. cxd5 Nd3 20. Rc2 Nxd5 21. Nxd5
Rxd5 22. f4 Rdd8 23. Qf3 g4 24. Qe2 Bf6 25. Be3 b6 26. a3 Rhe8 27. Rd1 Nb2 28.
Rxd8+ Rxd8 29. Rxb2 Bxb2 30. Qxb2 Qd6 31. Qe2 Qxe6 32. Qa6+ Kd7 33. Qxa7+ Ke8
34. Qa4+ Kf8 35. Kf2 Re8 36. Bxc5+ bxc5 37. Qa5 Qe3+ 38. Kf1 Qd3+ 39. Kg1 Qe3+
40. Kf1 Qc1+ 41. Kf2 Qb2+ 42. Kf1 Qa1+ 43. Kf2 Qd4+ 0-1

[Event "43. Olimpiada Batumi 2018 Femenina"]
[Site "Batumi GEO"]
[Date "2018.10.03"]
[Round "9.1"]
[White "Zsiltzova-Lisenko, Lubov"]
[Black "Plaza Reino, Mercedes"]
[Result "1-0"]
[WhiteElo "2214"]
[BlackElo "1727"]
[PlyCount "103"]
[EventDate "2018.09.24"]
[EventType "team-swiss"]
[EventRounds "11"]
[EventCountry "GEO"]
[SourceTitle "Ajedrez en Madrid"]
[Source "lmi"]
[SourceDate "2018.09.24"]
[WhiteTeam "IBCA"]
[BlackTeam "Ireland"]
[BlackTeamCountry "IRL"]

1. e4 c5 2. Nf3 e6 3. d4 cxd4 4. Nxd4 a6 5. Bd3 Qc7 6. Qe2 d6 7. O-O Nf6 8. c4
g6 9. Nc3 Bg7 10. Be3 Nbd7 11. f4 O-O 12. Rac1 b6 13. Kh1 Bb7 14. Bf2 Rac8 15.
b3 e5 16. fxe5 Nxe5 17. Bb1 Rfe8 18. h3 Ned7 19. Qd2 Nxe4 20. Nxe4 Bxe4 21.
Bxe4 Rxe4 22. Ne2 Rce8 23. Nc3 R4e6 24. Nd5 Qb7 25. Bd4 Re2 26. Qc3 Bxd4 27.
Qxd4 Rxa2 28. Rce1 Rae2 29. Rxe2 Rxe2 30. Qd3 Re6 31. Qf3 Nc5 32. Nf6+ Kg7 33.
Qc3 Kf8 34. Nxh7+ Kg8 35. Nf6+ Kf8 36. Nd5 Kg8 37. Nf6+ Kf8 38. Rf4 a5 39. Nh7+
Ke7 40. Ng5 Ke8 41. Qh8+ Kd7 42. Nxe6 Kxe6 43. Qf6+ Kd7 44. Qxf7+ Kd8 45. Qg8+
Kc7 46. Rf7+ Nd7 47. Qxg6 Qc6 48. Qe6 Kc8 49. h4 a4 50. Rxd7 Qxd7 51. Qxd7+
Kxd7 52. bxa4 1-0

[Event "43. Olimpiada Batumi 2018 Femenina"]
[Site "Batumi GEO"]
[Date "2018.10.03"]
[Round "9.2"]
[White "Lowry-O`Reilly, Hannah"]
[Black "Stolarczyk, Anna"]
[Result "1/2-1/2"]
[WhiteElo "1716"]
[BlackElo "1984"]
[PlyCount "63"]
[EventDate "2018.09.24"]
[EventType "team-swiss"]
[EventRounds "11"]
[EventCountry "GEO"]
[SourceTitle "Ajedrez en Madrid"]
[Source "lmi"]
[SourceDate "2018.09.24"]
[WhiteTeam "Ireland"]
[BlackTeam "IBCA"]
[WhiteTeamCountry "IRL"]

1. d4 d5 2. Nf3 c6 3. e3 Nf6 4. c4 Bf5 5. Qb3 Qb6 6. Nc3 Qxb3 7. axb3 e6 8. c5
Be7 9. Be2 O-O 10. O-O Nbd7 11. b4 b6 12. Bd2 bxc5 13. bxc5 Rab8 14. Rxa7 Rxb2
15. Rfa1 e5 16. Be1 Ne4 17. Nxe4 dxe4 18. Nxe5 Nxe5 19. dxe5 Bxc5 20. R7a2 Rxa2
21. Rxa2 Rc8 22. Rc2 Ba7 23. Ba6 Re8 24. Rxc6 Rxe5 25. Bc4 Re7 26. Bd5 h6 27.
Kf1 Bd7 28. Rc1 Bb5+ 29. Kg1 Bd3 30. h3 Kh7 31. Bb4 Rd7 32. Ba2 1/2-1/2

[Event "43. Olimpiada Batumi 2018 Femenina"]
[Site "Batumi GEO"]
[Date "2018.10.03"]
[Round "9.3"]
[White "Debowska, Teresa"]
[Black "Ui Laighleis, Gearoidin"]
[Result "0-1"]
[WhiteElo "1799"]
[BlackElo "1791"]
[PlyCount "68"]
[EventDate "2018.09.24"]
[EventType "team-swiss"]
[EventRounds "11"]
[EventCountry "GEO"]
[SourceTitle "Ajedrez en Madrid"]
[Source "lmi"]
[SourceDate "2018.09.24"]
[WhiteTeam "IBCA"]
[BlackTeam "Ireland"]
[BlackTeamCountry "IRL"]

1. g3 Nf6 2. Bg2 g6 3. d3 Bg7 4. e4 O-O 5. f4 d6 6. Ne2 c6 7. h3 Nbd7 8. O-O
Qb6+ 9. Kh2 e5 10. f5 d5 11. Na3 Qc7 12. c3 dxe4 13. dxe4 b6 14. Qc2 Ba6 15. c4
Rad8 16. b4 c5 17. b5 Bb7 18. Nc3 h5 19. Bg5 Rc8 20. Rad1 Nh7 21. Be7 Rfe8 22.
Bd6 Qd8 23. fxg6 fxg6 24. Qf2 Qf6 25. Qe2 Qe6 26. h4 Ndf6 27. Bh3 Ng4+ 28. Bxg4
Qxg4 29. Qxg4 hxg4 30. Rfe1 Re6 31. Nc2 Nf6 32. Ne3 Ne8 33. Bxe5 Bxe5 34. Nxg4
Bxc3 0-1

[Event "43. Olimpiada Batumi 2018 Femenina"]
[Site "Batumi GEO"]
[Date "2018.10.03"]
[Round "9.4"]
[White "Ni Mhuireagain, Eibhia"]
[Black "Zarubinskaya, Irina"]
[Result "1-0"]
[WhiteElo "1655"]
[BlackElo "1772"]
[PlyCount "45"]
[EventDate "2018.09.24"]
[EventType "team-swiss"]
[EventRounds "11"]
[EventCountry "GEO"]
[SourceTitle "Ajedrez en Madrid"]
[Source "lmi"]
[SourceDate "2018.09.24"]
[WhiteTeam "Ireland"]
[BlackTeam "IBCA"]
[WhiteTeamCountry "IRL"]

1. e4 c5 2. c3 Nc6 3. Nf3 d5 4. exd5 Qxd5 5. Na3 a6 6. Bc4 Qe4+ 7. Be2 b5 8.
Nc2 Bb7 9. d3 Qd5 10. Bf4 Nf6 11. Ne3 Qd7 12. O-O e6 13. Ne5 Nxe5 14. Bxe5 Bd6
15. d4 cxd4 16. Qxd4 Bxe5 17. Qxe5 O-O 18. Rad1 Qe7 19. Nf5 Qe8 20. Nxg7 Kxg7
21. Qg5+ Kh8 22. Qxf6+ Kg8 23. Rd4 1-0